| 000 | 01262nam a22003977a 4500 | ||
|---|---|---|---|
| 003 | CHAP | ||
| 005 | 20220817044405.0 | ||
| 008 | 101105s2009 it a rn 00010 eng d | ||
| 010 | _a99688 | ||
| 011 | _a100660 | ||
| 020 | _a9789251061411 | ||
| 035 | _a111346 | ||
| 040 | _cCHAP | ||
| 090 | _aFolleto 17033y v.13 | ||
| 110 | 2 | _aFAO | |
| 245 | 1 | 0 |
_aFarm ponds for water, fish and livelihoods _c/por James W. Miller |
| 260 |
_aRome : _bFAO, _c2009 |
||
| 300 |
_avii, 62 p. : _bilus. |
||
| 490 | 0 |
_aFolleto de la FAO sobre diversificación _v; 13 |
|
| 590 |
_aBATCH-UPD _b10 _c20130110 _lUCH01 _h1114 |
||
| 590 |
_aBATCH-UPD _b10 _c20130410 _lUCH01 _h0615 |
||
| 590 |
_aBATCH-UPD _b10 _c20130914 _lUCH01 _h1326 |
||
| 590 |
_aCONVERSION _b10 _c20130109 _lUCH01 _h1355 |
||
| 650 | 1 | 4 |
_aAcuicultura. _9758 |
| 650 | 1 | 4 |
_aEstanques piscícolas. _938273 |
| 650 | 1 | 4 |
_aExportación e importación. _939074 |
| 650 | 1 | 4 |
_aMercados. _974925 |
| 650 | 1 | 4 |
_aOrdenación de aguas. _983422 |
| 650 | 1 | 4 |
_aPiscicultura. _988531 |
| 650 | 1 | 4 |
_aRenta. _995966 |
| 700 | 1 |
_aMiller, James W. _975780 |
|
| 830 | 0 | 0 |
_aFolleto de la FAO sobre diversificación _v; 13 _942040 |
| 901 | _aBK | ||
| 942 | _cFOLL | ||
| 949 |
_aFolleto 17033y v.13 _bBC _cFAO _d33724002097040 _eFAO1 _i111346 _sb |
||
| 999 |
_c99688 _d99688 |
||